The valuation of business property (Record no. 94718)

MARC details
000 -LEADER
fixed length control field 00901cam a2200265 4500
008 - FIXED-LENGTH DATA ELEMENTS--GENERAL INFORMATION
fixed length control field 090401t1996 xxu||||| |||| 00| 0 eng d
020 ## - INTERNATIONAL STANDARD BOOK NUMBER
International Standard Book Number 0854067582
035 ## - SYSTEM CONTROL NUMBER
System control number (Sirsi) u64925
041 0# - LANGUAGE CODE
Language code of text/sound track or separate title eng
050 04 - LIBRARY OF CONGRESS CALL NUMBER
Classification number 333.332 $2 18
090 ## - LOCALLY ASSIGNED LC-TYPE CALL NUMBER (OCLC); LOCAL CALL NUMBER (RLIN)
Classification number (OCLC) (R) ; Classification number, CALL (RLIN) (NR) RICS 1996/29ABCD
110 2# - MAIN ENTRY--CORPORATE NAME
Corporate name or jurisdiction name as entry element Royal Institution of Chartered Surveyors
9 (RLIN) 4900
245 04 - TITLE STATEMENT
Title The valuation of business property
Remainder of title guidance to clients and model conditions of engagement for valuation effective from 1 May 1996
250 ## - EDITION STATEMENT
Edition statement 4th ed.
260 ## - PUBLICATION, DISTRIBUTION, ETC.
Place of publication, distribution, etc. London
Name of publisher, distributor, etc. RICS
Date of publication, distribution, etc. 1996
300 ## - PHYSICAL DESCRIPTION
Extent 10p.
Dimensions 21x10cm.
350 ## - PRICE (NR) (BK AM CF MU VM SE) [OBSOLETE]
Price 0
490 #0 - SERIES STATEMENT
Series statement RICS Conditions of Engagement
490 #0 - SERIES STATEMENT
Series statement RICS Guidance Note
520 ## - SUMMARY, ETC.
Summary, etc. Reproduced in "RICS Appraisal and Valuation Manual" (ISBN 0854066993)
651 #4 - SUBJECT ADDED ENTRY--GEOGRAPHIC NAME
Geographic name United Kingdom
Chronological subdivision
690 ## - LOCAL SUBJECT ADDED ENTRY--TOPICAL TERM (OCLC, RLIN)
Topical term or geographic name as entry element PROPERTY-COMMERCIAL PROPERTY-COMMERCIAL PROPERTY APPRAISAL AND VALUATION
942 ## - ADDED ENTRY ELEMENTS (KOHA)
Suppress in OPAC 0
948 ## - LOCAL PROCESSING INFORMATION (OCLC); SERIES PART DESIGNATOR (RLIN)
c (OCLC) 04/03/1997
Holdings
Withdrawn status Lost status Source of classification or shelving scheme Damaged status Not for loan Home library Current library Shelving location Date acquired Total Checkouts Full call number Barcode Date last seen Copy number Price effective from Koha item type Date last checked out
    Dewey Decimal Classification     London London RICS Boxes 29/04/1996   RICS 1996/29 30049761 06/08/2019 1 06/08/2019 Archive  
    Dewey Decimal Classification     London London RICS Boxes 29/04/1996   RICS 1996/29 30049762 06/08/2019 2 06/08/2019 Reference material  
    Dewey Decimal Classification     London London RICS Boxes 29/04/1996 2 RICS 1996/29 30049764 06/08/2019 3 06/08/2019 Book 23/02/2005